Intergenerational continuities and discontinuities in intimate partner violence: A two generational prospective study

Gespeichert in:  
Bibliographische Detailangaben
VerfasserInnen: Smith, Carolyn A. (Verfasst von) ; Thornberry, Terence P. (Verfasst von) ; Elwyn, Laura (Verfasst von) ; Park, Aely (Verfasst von) ; Ireland, Timothy O. (Verfasst von)
Medienart: Elektronisch Aufsatz
Sprache:Englisch
Veröffentlicht: 2011
In: Journal of interpersonal violence
Jahr: 2011, Band: 26, Heft: 18, Seiten: 3720-3752
Online-Zugang: Volltext (lizenzpflichtig)
Verfügbarkeit prüfen: HBZ Gateway

MARC

LEADER 00000caa a22000002c 4500
001 1912594579
003 DE-627
005 20250122055009.0
007 cr uuu---uuuuu
008 241217s2011 xx |||||o 00| ||eng c
024 7 |a 10.1177/0886260511403751  |2 doi 
035 |a (DE-627)1912594579 
035 |a (DE-599)KXP1912594579 
040 |a DE-627  |b ger  |c DE-627  |e rda 
041 |a eng 
084 |a 2,1  |2 ssgn 
100 1 |a Smith, Carolyn A.  |e VerfasserIn  |4 aut 
245 1 0 |a Intergenerational continuities and discontinuities in intimate partner violence: A two generational prospective study 
264 1 |c 2011 
336 |a Text  |b txt  |2 rdacontent 
337 |a Computermedien  |b c  |2 rdamedia 
338 |a Online-Ressource  |b cr  |2 rdacarrier 
700 1 |a Thornberry, Terence P.  |e VerfasserIn  |0 (DE-588)1046321439  |0 (DE-627)776095838  |0 (DE-576)167551507  |4 aut 
700 1 |a Elwyn, Laura  |e VerfasserIn  |4 aut 
700 1 |a Park, Aely  |e VerfasserIn  |4 aut 
700 1 |a Ireland, Timothy O.  |e VerfasserIn  |4 aut 
773 0 8 |i Enthalten in  |t Journal of interpersonal violence  |d London [u.a.] : Sage, 1986  |g 26(2011), 18, Seite 3720-3752  |h Online-Ressource  |w (DE-627)324614721  |w (DE-600)2028900-5  |w (DE-576)276556305  |x 1552-6518  |7 nnas 
773 1 8 |g volume:26  |g year:2011  |g number:18  |g pages:3720-3752 
787 0 8 |i Forschungsdaten  |a Thornberry, Terence P.  |t Rochester Youth Development Study Phase 1 Data, 1988-1992 (Rochester, New York)  |d [Erscheinungsort nicht ermittelbar] : [Verlag nicht ermittelbar], 2016  |w (DE-627)1840044411 
856 4 0 |u https://doi.org/10.1177/0886260511403751  |x Resolving-System  |z lizenzpflichtig  |3 Volltext  |7 1 
935 |a mkri 
951 |a AR 
ELC |a 1 
LOK |0 000 xxxxxcx a22 zn 4500 
LOK |0 001 463756008X 
LOK |0 003 DE-627 
LOK |0 004 1912594579 
LOK |0 005 20241217044618 
LOK |0 008 241217||||||||||||||||ger||||||| 
LOK |0 035   |a (DE-2619)ICPSR123089 
LOK |0 040   |a DE-2619  |c DE-627  |d DE-2619 
LOK |0 092   |o n 
LOK |0 852   |a DE-2619 
LOK |0 852 1  |9 00 
LOK |0 935   |a nacp 
LOK |0 939   |a 17-12-24  |b l01 
ORI |a SA-MARC-krimdoka001.raw